Library Banner

Kulliyyaat-e-Fani (Urdu)(کلیات فانی) (Record no. 72567)

MARC details
000 -LEADER
fixed length control field 00663nam a2200193Ia 4500
001 - CONTROL NUMBER
control field 67177
003 - CONTROL NUMBER IDENTIFIER
control field OSt
005 - DATE AND TIME OF LATEST TRANSACTION
control field 20150701113915.0
008 - FIXED-LENGTH DATA ELEMENTS--GENERAL INFORMATION
fixed length control field 150604s9999 xx 000 0 und d
020 ## - INTERNATIONAL STANDARD BOOK NUMBER
International Standard Book Number 9789695990117
040 ## - CATALOGING SOURCE
Transcribing agency PK-LaUMT
082 ## - DEWEY DECIMAL CLASSIFICATION NUMBER
Classification number 891.4393
Item number SHA-K
100 ## - MAIN ENTRY--PERSONAL NAME
Personal name Shaukat Ali Khan Fani Badani(شوکت علی خان فانی بدنی)
245 ## - TITLE STATEMENT
Title Kulliyyaat-e-Fani (Urdu)(کلیات فانی)
Statement of responsibility, etc Shaukat Ali Khan Fani Badani(شوکت علی خان فانی بدنی)
260 ## - PUBLICATION, DISTRIBUTION, ETC. (IMPRINT)
Place of publication, distribution, etc Lahore,Pakistan:(لاہور، پاکستان )
Name of publisher, distributor, etc Abdullah Academy,(عبداللہ اکیڈمی)
Date of publication, distribution, etc 2012
300 ## - PHYSICAL DESCRIPTION
Extent 288 p.
546 ## - LANGUAGE NOTE
Language note UR
942 ## - ADDED ENTRY ELEMENTS (KOHA)
Koha item type Books
Source of classification or shelving scheme Dewey Decimal Classification
Holdings
Withdrawn status Lost status Damaged status Not for loan Home library Current library Date acquired Total Checkouts Full call number Barcode Date last seen Price effective from Koha item type
        UMT Main Campus UMT Main Campus 2015-06-03   891.4393 SHA-K 90663 2015-07-01 2015-06-05 Books